10 Random Numbers 1-75- Blind Ranking - Statistics

General Stats
  • This quiz has been taken 24 times
  • The average score is 4 of 10
Answers on the Map
Answers color-coded by a green-red scale on the quiz's map according to % correct below.
 
Answer Stats
Number % Correct
10
100%
14
100%
28
100%
36
100%
4
100%
40
100%
53
100%
56
100%
63
100%
64
100%
71
100%
73
100%
22
67%
31
67%
42
67%
2
50%
20
50%
23
50%
30
50%
32
50%
35
50%
45
50%
50
50%
51
50%
52
50%
59
50%
60
50%
74
50%
16
33%
29
33%
69
33%
1
0%
11
0%
12
0%
13
0%
15
0%
17
0%
18
0%
19
0%
21
0%
24
0%
25
0%
26
0%
27
0%
3
0%
33
0%
34
0%
37
0%
38
0%
39
0%
41
0%
43
0%
44
0%
46
0%
47
0%
48
0%
49
0%
5
0%
54
0%
55
0%
57
0%
58
0%
6
0%
61
0%
62
0%
65
0%
66
0%
67
0%
68
0%
7
0%
70
0%
72
0%
75
0%
8
0%
9
0%
No matching quizzes found
Score Distribution
Percent of People with Each Score
Percentile by Number Answered
Your Score History
You have not taken this quiz